000 01187ny a22002533n 4500
005 20240305165314.0
008 050823s2004 ag s 001 0 spa d
020 _a950-536-156-1
035 _a2343
040 _aUMA.RE
_dvLex
040 _aUSPCEU-CDE
_dvLex
080 _a347.725(4-672 U.E.)
090 _c265
_d265
100 1 _aDuprat, Diego Arturo
245 1 3 _aLa societas europaea
_h[Recurso electrónico]
_borigen y desarrollo del estatuto de la sociedad anónima europea /
_cDiego Arturo Duprat
256 _aServicio en línea
260 _aLa Plata (Argentina) :
_bEditora Platense,
_c2004
506 1 _aContenido solo disponible en los productos indicados
_dvLex Global
_dvLex Global (Academic Edition, excluding Law Schools)
_dvLex Global (U.S. Academic Edition, Law Schools)
_dvLex Global (U.S. Academic Edition, excluding Law Schools)
_dvLex Global (Academic Edition, Law Schools)
650 0 4 _aDerecho mercantil
_zPaíses de la Unión Europea
650 0 4 _aSociedades
_xDerecho
_zPaíses de la Unión Europea
740 0 _avLex Libros (Servicios en línea)
856 4 0 _uhttps://app.vlex.com/#/sources/societas-europ-a-origen-desarrollo-estatuto-2343
942 _cRAA
999 _c158797
_d158797